000 00519nam a22001817a 4500
003 OSt
005 20160202135312.0
008 160202b xxu||||| |||| 00| 0 eng d
020 _a9988589255
040 _cDDC
082 _a060PRO 2004
100 _aAccra workshop on GATS.
_96656
245 _aThe implications Of WTO/GATS for Higher Education in Africa.
260 _aAccra-Ghana
_bAssociation of african Universities.
_c2004.
300 _aviii,272p;
_bill;
_c28cm
650 _aWTO/GATS
_96657
942 _2ddc
_cSLOAN
999 _c2928
_d2928